[Event "Turnier 40 / 120"]
[Site "Wien"]
[Date "2023.03.03"]
[Round "20"]
[White "MCGE ARM CORTEX M7 - 300 MHZ"]
[Black "Mephisto Phönix Tasc R40 V 2.5 Aktiv - 40 MHZ"]
[Result "1/2-1/2"]
[BlackElo "2401"]
[WhiteElo "2405"]

{Analyse ----> Komodo 13.02.} 1. d4 d5 2. Nf3 Nc6 {Buchende (schon wieder
nach 2 Zügen)} 3. e3 Nf6 {Buchbewertung Tasc R40 V 2.5: -0,24} 4. c4
{Buchende} Bf5 5. cxd5 {Buchbewertung MCGE: +0,25 / lt. Komodo eine
schlechte Eröffnung von Schwarz: +0,70 für Weiss} Nxd5? {deutlich schwächer
als Dxd5, Komodo -1,20} 6. Nbd2 Nf6 7. Qb3 Qd6 8. Qxb7 Rb8 9. Qa6 Rb6??
{ein Verlustzug, danach ist die Partie bereits verloren, Komodo -2,30,
nötig war Sb4 mit ca. -1,00} 10. Qe2?? {ein völlig unverständlicher Zug,
was bitte soll das sein, den eigenen Läufer zu verstellen und die
Entwicklung des Königsflügels zu verhindern, auch danach steht Weiss noch
klar auf Gewinn mit ca. +1,80, dennoch ein sinnloser Zug, nötig ist
natürlich Da4} Qd5 11. Nc4 {eine bessere Alternative ist a3, Komodo +1,30}
Rb8 12. Qd1 {besser ist Ld2, Komodo +1,10} e6 {Sb4 war eine bessere
Alternative, Komodo -1,70} 13. Bd2 Be7 14. Be2 O-O 15. O-O Ne4 16. Rc1 Rfc8
17. Be1 Bg4 18. b3 Nf6 19. Nce5 Nxe5 20. Nxe5 Bxe2 21. Qxe2 c5 22. Qa6?
{deutlich schwächer als Lc3, Komodo +1,10} Qd6 23. Qxa7 Ra8 24. Qb7 Rab8
25. Qf3 cxd4 26. Rxc8+ Rxc8 27. exd4 Rc2?? {ein Verlustzug, danach ist die
Partie bereits verloren, Komodo -2,20, deutlich besser ist Da3 mit ca.
-1,40} 28. Qa8+ {besser ist a4, aber auch nach dem Textzug steht Weiss klar
auf Gewinn, Komodo +2,00} Qd8 29. Qa7 {klar schwächer als Db7, Komodo
+1,50} Nd5 30. g3 {klar schwächer als a4, Komodo +1,00} h6 {besser ist Dc8,
Komodo -1,30} 31. h3 {schwach, deutlich besser ist a4, verspielt einen
Grossteil des Vorteiles, Komodo +0,70} g6? {auch nicht gerade das Gelbe vom
Ei, angesagt war immer noch Dc8, der Textzug bringt Weiss wieder deutlich
in Vorteil, Komodo -1,50 mit der Fortsetzung a4} 32. a4 Qc8 33. Nc4 Bg5??
{ein Verlustzug, danach ist die Partie klar verloren, Komodo -2,50,
deutlich besser ist Lf6 mit ca. -1,40} 34. Ba5? {weit schwächer als a5,
Komodo +1,70} h5 35. Rd1?? {ganz schlecht, verspielt praktisch den gesamten
Vorteil, nötig war h4, Komodo +0,40} h4 36. Re1? {besser ist noch Se5,
verspielt den letzten Rest des Vorteiles, Komodo 0,00} hxg3 37. fxg3 e5 38.
Nxe5 Qf5 39. Qxf7+ Qxf7 40. Nxf7 Be3+ 41. Rxe3 Nxe3 42. Ne5 Rg2+ 43. Kh1
Rxg3 44. b4 Rxh3+ 45. Kg1 Nd5 46. Nc4 {besser ist Kg2, nach dem Textzug ist
Schwarz bereits im Vorteil, Komodo +1,00} Rh4! 47. Nb6 Rxd4 48. Nxd5 Rxd5
49. Bb6 Rd2 50. a5 Ra2 51. Bc7 Rb2 52. Bd6 Kf7 53. a6 Ke6 54. a7 Ra2 55.
Bc5 {Ok das ist nicht mehr zu gewinnen, Userentscheid: Remis} 1/2-1/2
[/pgn]
[pgn]

[Event "Turnier 40 / 120"]
[Site "Wien"]
[Date "2021.08.17"]
[Round "21"]
[White "Mephisto Phönix Tasc R40 V 2.5 Aktiv - 40 MHZ"]
[Black "MCGE ARM CORTEX M7 - 300 MHZ"]
[Result "1-0"]
[BlackElo "2405"]
[WhiteElo "2401"]

{Analyse ----> Komodo 13.02} 1. d4 e6 2. c4 c5 3. d5 {Buchende} d6
{Buchende} 4. e4 {Buchbewertung Tasc +0,28} Nf6 5. Nc3 g6 {MCGE wieder im
Buch} 6. Nf3 exd5 7. cxd5 a6 8. Bf4 Bg4 {Buchende} 9. Be2 {Buchzug /
Buchende} b5?? {Buchbewertung MCGE: -0,62 / gleich der allererste
berechnete Zug ist ein Verlustzug !!, danach ist die Partie bereits
verloren, Komodo -2,30, nötig war Sbd7 mit ca. -1,00 / auch diese Eröffnung
gab es gegen Tasc R30 V 2.5, damals verschenkte der Tasc R30 nach
zahlreichen Gewinnchancen den Sieg und verlor letzlich noch} 10. e5!! {aber
gleich hier macht es der Tasc R40 besser als sein kleiner Bruder der Tasc
R30, der spielte damals den weit schwächeren Zug 10. h3 und liess Schwarz
nochmals ins Spiel kommen, der Textzug ist genau die richtige Wahl und
gewinnt die Partie, Komodo +2,30 !!} dxe5??? {und das besiegelt bereits
endgültig das Schicksal, danach ist alles vorbei, deutlich mehr Widerstand
leistet noch Lxf3 mit ca. -2,50, Komodo -4,20 !!} 11. Nxe5 Bf5 12. g4!
{richtig hier lässt der Tasc R40 nichts mehr zu, Komodo +5,20} Bc8 13. g5!
{da sitzt jeder Zug, Komodo +6,50} Nfd7 {MCGE hat keine Ahnung von dieser
gesamten Partie und gibt sich hier noch ernsthaft Chancen, nur -1,06,
Komodo -7,00, hier war sogar schon Lg7 noch etwas besser und der Sf6 war
schon verloren} 14. Nc6! {jeder Zug sitzt, Tasc R40: +3,02 !!} Nxc6 {jetzt
klingelt es erst beim MCGE: -2,54 / Komodo -7,50} 15. dxc6 Bg7 16. cxd7+
{Rest geschenkt / was für ein Debakel für MCGE, eine der allerschlechtesten
Partien, die ich jemals von ihm gesehen habe !!} 1-0
[/pgn]
[pgn]

[Event "Turnier 40 / 120"]
[Site "Wien"]
[Date "2023.03.04"]
[Round "22"]
[White "MCGE ARM CORTEX M7 - 300 MHZ"]
[Black "Mephisto Phönix Tasc R40 V 2.5 Aktiv - 40 MHZ"]
[Result "1-0"]
[BlackElo "2401"]
[WhiteElo "2405"]

{Analyse -----> Komodo 13.02.} 1. d4 f5 2. g3 Nf6 3. Bg2 g6 4. c4 Bg7 5.
Nc3 O-O {Buchende} 6. Nh3 d6 {Buchbewertung Tasc R40 V 2.5: -0,41} 7. d5
Na6 8. Be3 {Buchende} Nc5 9. Bxc5 {Buchbewertung MCGE: +0,15 / gleich der
1. berechnete Zug ist nicht ideal, besser ist 0-0, sich gleich so unbedacht
vom Läuferpaar zu trennen ist ein klarer Fehlstart, dennoch lt. Komodo ist
die Stellung im Lot, nach 0-0 wäre Weiss etwas besser gestanden mit ca.
+0,50} dxc5 10. Qb3 Qd6 11. O-O Bd7 12. Nf4 a5 13. a4 Rad8 14. e3 Ng4??
{ein ganz schlechter Zug, danach steht Weiss bereits klar besser, Komodo
-1,50, nötig war g5 mit Ausgleich, R40 spielt diese Zug, obwohl er Sb5
sieht und sich da mit -0,52 bewertet, also dass er da nichts Besseres
findet ist schon schwach} 15. Rfd1?? {aber MCGE verpasst die Chance, der
Textzug verspielt nahezu den gesamten Vorteil, Komodo +0,40, klaren Vorteil
versprach Sb5} Qb6 16. Qxb6 cxb6 17. Ne6 Bxe6 18. dxe6 Bxc3 19. bxc3 Rxd1+
20. Rxd1 Ne5 21. Rd5 Nxc4 22. Rd7 Nb2??? {ein absoluter Verlustzug !!!,
danach ist die Partie sofort verloren, Komodo -4,50 !!!, nötig war Te8 mit
nur ca. -0,30} 23. Rxe7 Rb8? {hier ist es schon egal, aber deutlich besser
ist noch Tf6 mit ca. -4,50, Komodo -6,50} 24. Bd5 Rd8 25. Rd7 Re8 26. Rxb7
Kh8 27. e7 Nxa4 28. Bc6 Rxe7 29. Rxe7 {Rest geschenkt} 1-0
[/pgn]
[pgn]

[Event "Turnier 40 / 120"]
[Site "Wien"]
[Date "09.04.2021"]
[Round "23"]
[White "Mephisto Phönix Tasc R40 V 2.5 Aktiv - 40 MHZ"]
[Black "MCGE ARM CORTEX M7 - 300 MHZ"]
[Result "1/2-1/2"]
[BlackElo "2405"]
[WhiteElo "2401"]

{Analyse ----> Komodo 13.02.} 1. Nf3 Nf6 2. d4 b6 3. Bg5 Bb7 4. e3 e6 5.
Bd3 {Buchende} Be7 {Buchende} 6. c4 {Buchbewertung Tasc R40 V 2.5: +0,39}
O-O 7. Nc3 d5 {MCGE zurück im Buch.} 8. Bxf6 Bxf6 9. cxd5 exd5 {Buchende /
auch diese Eröffnung gab es im Match gegen Tasc R30 V2.5 und endet Remis}
10. Qc2 h6 {Buchbewertung MCGE: -0,75 / lt. Komodo steht Weiss knapp besser
mit ca. +0,30} 11. O-O Re8 12. Rac1 c5 13. dxc5 bxc5 14. Rfd1 Bxc3? {ein
schwacher Zug, deutlich besser ist d4, Komodo -1,00} 15. Qxc3 Nd7 16. Bf5
Rc8 17. Qa3 a6 18. Bxd7 Qxd7 19. Rxc5 Rxc5 20. Qxc5 Qa4 21. b3 Qxa2 22. Nd4
Rc8 23. Qb4 Rc7 24. Kf1 Qb2 25. Qd6 Qc3 26. Qd8+ Kh7 27. b4 Bc8 28. h3 Bd7
29. Kg1 Rb7 30. Qa8 Qxb4 31. Qxa6 Rc7 32. Qd3+ Kg8 33. Rb1 Qa4 34. Rb8+ Rc8
35. Rxc8+ Bxc8 36. Qc3 Qd7 37. Qa5 {erst hier weicht die Partie nun ab von
jener gegen Tasc R30 V 2.5, der spielte damals 37. g4, vom Ergebnis her ist
die Partie auf Remiskurs} Qb7 38. Qd8+ Kh7 39. Kh2 Qb8+ 40. g3 Qb7 41. g4
Qd7 42. Qf8 h5 43. f3 hxg4 44. hxg4 Qc7+ 45. Kg2 Be6 46. Qb4 Qe5 47. Qa3
Bd7 48. Qd3+ Kh8 49. Qc3 Kg8 50. Qb3 Kh7 51. Qa3 Be8 52. f4 Qe4+ 53. Kf2 f6
54. Qd6 Qd3 55. Qb4 Qd1 56. Qa5 Bd7 57. f5 Qxg4 58. Qxd5 Be8 59. Qb7 Bh5
60. Qh1 Kh6 61. Qh2 Qd1 62. Qf4+ Kh7 63. Qe4 Bf7 64. Kg2 Qd2+ 65. Kh3 Qa2
66. Qf4 {die Stellung gibt nichts mehr her: Userentscheid: Remis} 1/2-1/2
[/pgn]
[pgn]

[Event "Turnier 40 / 120"]
[Site "DESKTOP-NL3KVDB"]
[Date "2023.03.05"]
[Round "24"]
[White "MCGE ARM CORTEX M7 - 300 MHZ"]
[Black "Mephisto Phönix Tasc R40 V 2.5 Aktiv - 40 MHZ"]
[Result "1/2-1/2"]
[BlackElo "2401"]
[WhiteElo "2405"]

{Analyse ----> Komodo 13.02.} 1. e4 d6 2. d4 Nf6 {Buchende (schon wieder
nach 2 Zügen)} 3. Bd3 Nc6 {Buchbewertung Tasc R40 V 2.5: -0,28} 4. c3 e5 5.
Ne2 d5 6. exd5 {Buchende} Qxd5 7. O-O {Buchbewertung MCGE: -0,09 / lt.
Komodo steht Weiss knapp besser mit ca. +0,30} Be7 8. Re1 Bg4 9. f3 Be6 10.
Be3 O-O 11. Nd2 Rfd8 12. Nb3 Qd7 13. Qc2 a5 14. Red1 exd4 {weniger gut,
klar zu bevorzugen war a4, Komodo -0,70} 15. Nbxd4 Nxd4 16. Bxd4?
{eindeutig die falsche Schlagoption, deutlich besser ist Sxd4, nach dem
Textzug ist Weiss nur noch knapp im Vorteil mit ca. +0,20 (büsst etwa 0,8
Bauerneinheiten !! ein)} Qc6 17. Bxf6 Bxf6 18. Bxh7+ {Ok, Weiss hat einen
Bauern erobert, in dieser Stellung allerdings keinerlei Vorteil gewonnen,
Komodo 0,00} Kf8 19. Bd3 a4 20. Kh1 Qc5 {nicht ideal, besser ist g6} 21.
Nf4 Bd7 22. Be4 a3 23. b3? {ein schlechter Zug, danach ist Schwarz bereits
im Vorteil, Komodo -0,80 mit der Fortsetzung Dxc3, deutlich besser ist Sd3
oder Sd5} Bc6? {auch nicht ideal, danach ist die Stellung wieder etwa
gleich} 24. Bxc6 Qxc6 25. Rac1 {besser ist Se2} Bg5? {deutlich vorzuziehen
war Dxc3, die Stellung ist im Lot, Komodo 0,00} 26. Qf5 Rxd1+ 27. Rxd1 Bxf4
28. Qxf4 Qxc3 29. h3 Re8 30. Rd7 Re7 31. Rd8+ Re8 32. Qh4 g6 33. Qh6+ Ke7
34. Rd1 Kf6 35. Qf4+ Kg7 36. Rd7 Qf6 37. Qxf6+ Kxf6 38. Rxc7 Re2 39. Rxb7
Rxa2 40. Ra7 Ke5 41. Ra4 {die Stellung ist Remis, Komodo 0,00, natürlich
auf keinen Fall Txf7, das verliert sofort} Kd5 42. h4 Ke6 43. Kg1 Ra1+ 44.
Kh2 Ke5 45. g4 f5 46. h5 Ra2+ 47. Kg3 f4+ 48. Rxf4 gxh5 49. Re4+ Kf6 50.
gxh5 Rb2 51. Ra4 {MCGE ist überzeugt, das zu gewinnen, Bewertung: +2,20,
tatsächlich ist es jedoch Remis, durch die zerissenen Bauern von Weiss kann
er es nicht gewinnen, anders wäre es natürlich bei geschlossenen Bauern}
Rxb3 {Tasc R40 V 2.5, erkennt es richtig: Bewertung: -0,16} 52. Kg4 Kg7 53.
f4 Kh7 54. Ra8 Kh6 55. Ra6+ Kh7 56. Kg5 Rg3+ 57. Kh4 Rf3 58. Ra7+ Kh6 59.
Kg4 {Ja, es geht einfach nichts mehr, wenn Weiss weiter vorrücken sollte
mit dem F-Bauern und mit dem König auf g5 bekommt er immer von hinten das
Schach dann wird abwechselnd der H bzw. der F-Bauer angegriffen, daher
Userentscheid: Remis} 1/2-1/2
[/pgn]
[pgn]

[Event "Turnier 40 / 120"]
[Site "Wien"]
[Date "02.04.2021"]
[Round "25"]
[White "Mephisto Phönix Tasc R40 V 2.5 Aktiv - 40 MHZ"]
[Black "MCGE ARM CORTEX M7 - 300 MHZ"]
[Result "1/2-1/2"]
[BlackElo "2405"]
[WhiteElo "2401"]

{Analyse ----> Komodo 13.02.} 1. e4 c5 2. c3 d5 3. exd5 Qxd5 4. d4 e6 5.
Nf3 Nf6 6. Na3 {Buchende} Be7 7. Nb5 {Buchbewertung Tasc R40 V2.5: +0,09}
Na6 {Buchende} 8. Bd3 cxd4 {Buchbewertung MCGE: 0,00 / lt. Komodo ist die
Stellung etwa gleich / auch diese Eröffnung gab es im Match gegen Tasc R30
V 2.5, damals gewann MCGE} 9. cxd4 O-O 10. O-O Bd7 11. Nc3 {bereits früh
weicht die Partie ab von jener gegen Tasc R30 V 2.5, der spielte hier 11.
Te1} Qd6 12. Ne5 Nb4 13. Bg5 Nxd3 14. Qxd3 Bc6 15. Rfe1 Rfd8 16. Rad1 Bd5?
{ein schwacher Zug, danach ist Weiss im Vorteil, Komodo -1,00 mit der
Fortsetzung Te3, deutlich besser ist Tac8 mit Ausgleich} 17. b3? {ebenfalls
schwach, danach ist die Stellung wieder etwa gleich} Rab8? {völliger
Unsinn, wozu bitte versteckt sich der Turm hinter dem eigenen B-Bauern ?,
natürlich Tac8} 18. Rc1 Rbc8 {na bitte, geht ja} 19. Qe2 Rxc3 20. Rxc3 Ne4
21. Bxe7 Nxc3 22. Bxd6 Nxe2+ 23. Rxe2 Rxd6 24. Rc2 g6 25. Rc8+ Kg7 26. Rc7
Ra6 27. a4 Bxb3 28. Rxf7+ Kg8 29. Rxb7 Rxa4 30. f3 Bd5 31. Rc7 a5 32. Rc8+
Kg7 33. Rc7+ Kg8 34. Rc8+ Kg7 35. Rc7+ Kg8 36. Rc8+ {Stellungswiederholung}
1/2-1/2
[/pgn]
[pgn]

[Event "Turnier 40 / 120"]
[Site "Wien"]
[Date "05.04.2021"]
[Round "26"]
[White "MCGE ARM CORTEX M7 - 300 MHZ"]
[Black "Mephisto Phönix Tasc R40 V 2.5 Aktiv - 40 MHZ"]
[Result "1/2-1/2"]
[BlackElo "2401"]
[WhiteElo "2405"]

{Analyse -----> Komodo 13.02.} 1. e4 e5 2. Nc3 Nf6 3. g3 Bc5 4. Bg2 O-O
{Buchende} 5. Nf3 {Buchende / auch diese Eröffnung gab es im Match gegen
Tasc R30 V 2.5, damals gewann MCGE} d5 {Buchbewertung Tasc R40 V 2.5:
+0,44} 6. exd5 {Buchbewertung MCGE: -0,40 / lt. Komodo steht Schwarz knapp
besser mit ca. +0,40} e4 7. Ng1 Re8 8. Nge2 Bf5 {bereits früh weicht die
Partie ab von jener gegen Tasc R30 V 2.5, der spielte damals 8. Lg4} 9. b3?
{ein schlechter Zug, danach ist Schwarz im Vorteil, Komodo -0,80, deutlich
besser ist d3 mit ca. -0,30} c6 10. dxc6?? {ein schlechter Zug, lt. Komodo
wäre es deutlich besser den Bauern bereits aufzugeben, nach dem Textzug ist
Schwarz bereits klar im Vorteil Komodo -1,20, deutlich besser ist 0-0 mit
ca. -0,80} Nxc6 11. Na4??? {MCGE: +0,04 ??? / ein absoluter Verlustzug,
danach ist die Partie bereits klar verloren, Komodo -3,00, immer noch war
0-0 angesagt, mit der Fortsetzung Sd4, Sxd4, Dxd4, Sxc5, Dxa1 geht bereits
die Qualität verloren} Bd6? {Tasc R40 verpasst den sofortigen Gewinn, aber
auch nach dem Textzug steht Schwarz klar besser, aber der Vorteil wurde
etwa halbiert, Komodo +1,60} 12. Bb2 b5 13. Nac3 b4? {ein schwacher Zug,
der den Vorteil von Schwarz etwa halbiert, Komodo +1,00, nötig war Le5 mit
ca. +2,00} 14. Na4 Rc8 15. O-O Be5 16. Re1 Bg4 17. c3 Qd6? {ein schwacher
Zug, der neuerlich den Vorteil von Schwarz halbiert, Komodo nur noch +0,60
mit der Fortsetzung a3, deutlich besser ist Dd3 mit ca. +1,30} 18. h3 Bh5
19. a3 Rcd8? {ein schwacher Zug, der jeglichen Vorteil verspielt, danach
ist die Stellung im Lot, Vorteil versprach noch bxc3 mit ca. +0,70} 20.
g4??? {ein HORRORZUG !!!, der die Partie sofort verliert, Komodo -6,00 !!!
mit der Fortsetzung Sxg4, danach ist alles aus, nötig war axb4 mit
Ausgleich} bxc3??? {ein grottenschlechter Zug, der Weiss noch am Leben
lässt und ca. 4,50 Bauerneinheiten einbüsst !!, Komodo +1,50} 21. dxc3 Qc7
22. Nd4 Bg6 23. Kf1??? {was MCGE hier veranstaltet man muss es leider so
hart ausdrücken ist einfach nur LETZTKLASSIG !!!, der nächste absolute
Verlustzug, danach ist die Partie klar verloren, Komodo -3,00, deutlich
besser ist Sc5 mit ca. -1,50} Nd5 24. Bxe4??? {unbeschreiblich schlecht, da
fehlen einem wirklich die Worte, Komodo -5,00, immer noch war Sc5 die klar
bessere Wahl} Nxc3??? {da kann man nur den Kommentar des vorigen Zuges
kopieren, Komodo +1,50, verschenkt 3,5 Bauerneinheiten !!!, sofort gewonnen
hätte Lxe4} 25. Nxc3 Nxd4 26. Rc1?? {wieder ganz schlecht, deutlich besser
ist Sd5, Komodo -2,00} Qb6 27. b4 Bf4 28. Ra1?? {weit schwächer als Lxg6,
Komodo -2,70} Bxe4? {deutlich schwächer als Kf8, Komodo +2,00} 29. Rxe4??
{hier wird wahrlich kein Fettnäpfchen ausgelassen, selbst bei nur 2
Möglichkeiten, wird immer noch die weit schlechtere gewählt, deutlich
besser ist Sxe4, Komodo -2,70} Qc6 30. b5 Qa8 31. f3??? {ja man braucht das
eigentlich gar nicht mehr zu kommentieren, an dieser Stelle beende ich jede
weitere Kommentierung mit dem allgemeinen Kommentar: DIESE STELLUNG
ÜBERFORDERT EINFACH DIE BEIDEN GERÄTE, INSBESONDERE JEDOCH MCGE, der
Textzug ist weitaus schlechter als Dd3 und die Stellung hoffnungslos
verloren, Komodo -3,60} Ne6 32. Qb1 g6 33. Ne2 f5 34. gxf5 gxf5 35. Nxf4
fxe4 36. Nh5 Qb8 37. Nf6+ Kf8??? {ein geradezu tollpatschiger Zug, jeder
Mensch würde hier Kf7 ziehen, unglaublich, doch dieser Zug gewährt Weiss
wieder Chancen, Komodo nur noch -1,20, Kf7 hätte Komodo bereits mit +5,00
bewertet} 38. Bc3 Re7 39. Nxe4? {damit bringt sich Weiss wieder um alle
Chanen, die Partie ist wieder klar verloren, Komodo -1,60, deutlich mehr
Widerstand leistet Lb4} Qh2 40. Qb2 Qxh3+? {ein ganz schlechter Zug, der
den Vorteil von Schwarz halbiert, Komodo +0,80, nötig war Dh1+} 41. Qg2
Qxg2+ 42. Kxg2 Nf4+ 43. Kf2 Rc8 44. Bd4 Rc2+? {halbiert neuerlich den
Vorteil von Schwarz, Komodo nur noch +0,40, deutlich besser ist Td7} 45.
Ke3 Rf7 46. Nf6 Ne2 47. Be5 Nc1 48. Rb1 Re2+ {die Stellung ist bereits im
Lot, Komodo 0,00} 49. Kd4 Re1 50. Kd5 Rd1+ 51. Ke4 h5 52. Kf5 Re1 53. b6
Nd3 54. Rxe1 Nxe1 55. Bd6+ Kg7 56. bxa7 Rxa7 57. Nxh5+ {der letzte schwarze
Bauer fällt, damit ist das Remis besiegelt, eine unglaublich schwache
Partie beider Geräte, die für dieses ELO-Niveau einfach unwürdig ist, so
etwas würde ich mir eher in einem Wettkampf von Geräten um die 2000
erwarten. -->> EINE SCHANDE !! / Userentscheid: Remis} 1/2-1/2
[/pgn]
[pgn]

[Event "Turnier 40 / 120"]
[Site "Wien"]
[Date "10.4.2021"]
[Round "27"]
[White "Mephisto Phönix Tasc R40 V 2.5 Aktiv - 40 MHZ"]
[Black "MCGE ARM CORTEX M7 - 300 MHZ"]
[Result "0-1"]
[BlackElo "2405"]
[WhiteElo "2401"]

{Analyse ----> Komodo 13.02.} 1. d4 Nf6 2. c4 e6 3. Nc3 d5 4. Bg5 Be7 5. e3
Nbd7 6. Nf3 {Buchende} c6 7. cxd5 {Buchbewertung Tasc R40 V 2.5: +0,31}
exd5 8. Bd3 O-O 9. Qc2 h6 10. Bh4 Re8 11. O-O Ne4 12. Bxe4 Bxh4 13. Bh7+
Kh8 14. Nxh4 Qxh4 15. Bd3 Nf6 {Buchende} 16. Rfe1 Ne4 {Buchbewertung MCGE:
-0,14 / lt. Komodo steht Weiss knapp besser mit ca. +0,40} 17. Rac1 Bf5 18.
Na4 Qg5 19. Nc5 Nxc5 20. Bxf5 Ne4 21. Bxe4 Rxe4 22. Red1 f5 23. Qb3 Re7 24.
Qa3 Rf7 25. Rc3 f4 26. f3? {ein schwacher Zug, danach steht Schwarz besser,
Komodo -1,00, deutlich besser ist exf4} Re8 27. exf4 Qxf4 28. Qxa7??? {ein
Verlustzug, danach ist die Partie klar verloren, Komodo -2,00, nötig war
Tc2 mit ca. -1,00} Re2 29. Qa8+??? {ein absoluter Verlustzug, danach ist
alles vorbei, Komodo -10,00 !!, nötig war g3} Kh7 30. Kh1 Rfe7 31. Rg1 Re1
32. Qa4 R7e2 33. Qc2+ Rxc2 {Rest geschenkt} 0-1
[/pgn]
[pgn]